000 00622nam a22002057a 4500
003 DO-CoUTE
005 20230606095545.0
008 230606b dr ||||| |||| 00| 0 spa d
020 _a9978-80-023-9
040 _aDO-CoUTE
_bspa
_cDO-CoUTE
082 _222
_a843 S132p 2004
100 1 _aDe saint-exupéry, Antoine
_eautor
245 1 0 _aEl principito /
_cAntoine de saint-exupéry
250 _aSegunda edición
260 _aQuito, Ecuador :
_bLibresa,
_c1989
300 _a82 páginas :
_bIlustraciones ;
_c15x22cm
504 _aIncluye referencia bibliográfica e índice
650 4 _aCuento
942 _2ddc
_cBK
999 _c22689
_d22689